[Event "GER-chT U18 Girls"]
[Site "Germany"]
[Date "2012.05.05"]
[Round "4.3"]
[White "Kowalski, Rebecca"]
[Black "Boden, Talitha"]
[Result "0-1"]
[WhiteElo "800"]
[BlackElo "964"]
[PlyCount "86"]
[EventDate "2012.05.04"]
[EventType "team-swiss"]
[EventRounds "7"]
[EventCountry "GER"]
[SourceTitle "EXT 2014"]
[Source "ChessBase"]
[SourceDate "2013.11.20"]
[SourceVersion "1"]
[SourceVersionDate "2013.11.20"]
[SourceQuality "1"]
[WhiteTeam "Hamm FvSG (W)"]
[BlackTeam "Aue CWG (W)"]
[WhiteTeamCountry "GER"]
[BlackTeamCountry "GER"]

1. e4 e5 2. Nf3 Nc6 3. Nc3 Nf6 4. Bb5 a6 5. Ba4 g6 6. d3 Bg7 7. Bg5 0-0 8. 0-0 h6 9. Bh4 d5 10. Nxd5 Qd6 11. Ne3 b5 12. Bb3 Bg4 13. h3 Be6 14. Bxf6 Bxf6 15. Qd2 Nd4 16. Bxe6 Qxe6 17. Nxd4 exd4 18. Nd5 Rac8 19. Qxh6 Bg7 20. Qf4 Be5 21. Qg5 Rfe8 22. c3 Kg7 23. cxd4 Bxd4 24. Rfe1 c6 25. Nb4 a5 26. Na6 Qe7 27. Qg4 Ra8 28. Nc7 Qxc7 29. b3 Rad8 30. a4 Bc5 31. Qg3 Qxg3 32. axb5 cxb5 33. Re2 Qxd3 34. Ree1 Qxb3 35. Rec1 Bb6 36. Rc6 Bd4 37. Rc7 Rxe4 38. Ra7 Bxa7 39. Kh1 Qb4 40. f3 Red4 41. Rg1 Rd1 42. Kh2 Qd6+ 43. Kh1 Rxg1# 0-1

[Event "GER-chT U18 Girls"]
[Site "Germany"]
[Date "2012.05.04"]
[Round "3.3"]
[White "Schleede, Celina"]
[Black "Kowalski, Rebecca"]
[Result "0-1"]
[WhiteElo "800"]
[BlackElo "800"]
[PlyCount "110"]
[EventDate "2012.05.04"]
[EventType "team-swiss"]
[EventRounds "7"]
[EventCountry "GER"]
[SourceTitle "EXT 2014"]
[Source "ChessBase"]
[SourceDate "2013.11.20"]
[SourceVersion "1"]
[SourceVersionDate "2013.11.20"]
[SourceQuality "1"]
[WhiteTeam "Broderstorf SadC (W)"]
[BlackTeam "Hamm FvSG (W)"]
[WhiteTeamCountry "GER"]
[BlackTeamCountry "GER"]

1. d4 d5 2. Nc3 Nf6 3. Nf3 Bg4 4. Bg5 Nc6 5. e3 e6 6. Bb5 Bb4 7. 0-0 0-0 8. h3 h6 9. hxg4 hxg5 10. a3 Ba5 11. Bxc6 bxc6 12. Nxg5 Nh7 13. Nxh7 Kxh7 14. Qd3+ Kg8 15. Rad1 Qh4 16. f3 c5 17. dxc5 c6 18. Qa6 Bc7 19. Qxc6 Bg3 20. Rfe1 Bxe1 21. Rxe1 Qxe1+ 22. Kh2 Qxe3 23. Nd1 Rac8 24. Qxc8 Rxc8 25. Nxe3 Rxc5 26. b4 Rc3 27. Nd1 Rxc2 28. Ne3 Rc3 29. Nd1 Rxa3 30. Nb2 d4 31. Kg1 a5 32. b5 Rb3 33. Nd3 Rxd3 34. b6 a4 35. b7 Rb3 36. Kh2 Rxb7 37. Kg3 a3 38. Kf4 a2 39. Kg3 a1R 40. Kf4 e5+ 41. Kxe5 Rg1 42. Kxd4 Rxg2 43. Kd5 f5 44. gxf5 g6 45. fxg6 Rxg6 46. f4 Ra6 47. Ke4 Rb5 48. Kf3 Rf6 49. Kg4 Rbf5 50. Kf3 Rxf4+ 51. Kg3 Ra4 52. Kg2 Rb6 53. Kh3 Rb3+ 54. Kg2 Ra2+ 55. Kf1 Rb1# 0-1